Código de Procedimiento Civil y Comercial y Leyes complementarias (Registro nro. 6392)
[ vista simple ]
| 000 -LEADER | |
|---|---|
| fixed length control field | 00851 a2200205 4500 |
| 001 - CONTROL NUMBER | |
| control field | 58024 |
| 005 - DATE AND TIME OF LATEST TRANSACTION | |
| control field | 20260407155840.0 |
| 008 - FIXED-LENGTH DATA ELEMENTS--GENERAL INFORMATION | |
| fixed length control field | 260407a1972 arg spa d |
| 003 - CONTROL NUMBER IDENTIFIER | |
| control field | AR-UNSa-BCEJYS |
| 040 ## - CATALOGING SOURCE | |
| Original cataloging agency | AR-UNSa-BCEJYS |
| Language of cataloging | spa |
| Transcribing agency | AR-UNSa-BCEJYS |
| 080 ## - UNIVERSAL DECIMAL CLASSIFICATION NUMBER | |
| Universal Decimal Classification number | 347.1/7(094.4) |
| Common auxiliary subdivision | Código Civil y Comercial |
| 041 ## - LANGUAGE CODE | |
| Language code of text/sound track or separate title | spa |
| 100 1# - MAIN ENTRY--PERSONAL NAME | |
| Personal name | Clariá Olmedo, Jorge A. |
| 245 10 - TITLE STATEMENT | |
| Title | Código de Procedimiento Civil y Comercial y Leyes complementarias |
| Name of part/section of a work | Provincia de Córdoba |
| 264 #1 - PRODUCTION, PUBLICATION, DISTRIBUTION, MANUFACTURE, AND COPYRIGHT NOTICE | |
| Place of production, publication, distribution, manufacture | Córdoba : |
| Name of producer, publisher, distributor, manufacturer | Ediciones Lerner |
| Date of production, publication, distribution, manufacture, or copyright notice | 1972 |
| 300 ## - PHYSICAL DESCRIPTION | |
| Extent | 507 p. |
| Dimensions | 23 cm. |
| 505 ## - FORMATTED CONTENTS NOTE | |
| Formatted contents note | 1. Disposiciones comunes a la jurisdicción contenciosa y a la voluntaria – 2. De los juicios – 3. De los actos de jurisdicción voluntaria – 4. De los recursos y de la segunda instancia – 5. Legislación complementaria |
| 590 ## - LOCAL NOTE (RLIN) | |
| Local note | niveau_biblio:m niveau_hierar:0 |
| 942 ## - ADDED ENTRY ELEMENTS (KOHA) | |
| Koha item type | |
| Withdrawn status | Lost status | Damaged status | Not for loan | Home library | Current library | Shelving location | Date acquired | Total checkouts | Full call number | Barcode | Date last seen | Price effective from | Koha item type |
|---|---|---|---|---|---|---|---|---|---|---|---|---|---|
| Biblioteca Prof. Eusebio Cleto del Rey | Biblioteca Prof. Eusebio Cleto del Rey | 07/04/2026 | 347.1/7(094.4) C591 | L87254 | 07/04/2026 | 07/04/2026 | Libro |